000 00587nam a22001817a 4500
003 OSt
005 20251127101110.0
008 251127b |||||||| |||| 00| 0 eng d
020 _a981-4040-83-5
040 _aDWCL-Main lib
_cOC
082 _21st ed.
_aCirc. 658.0558 H177i 2000
100 _aJames A. Hall
245 _aInformation systems auditing and assurance/
_cJames A. Hall
260 _aN. Y. :
_bSouth-Western College Publishing,
_cc2000.
300 _avarious paging :
_bill. ;
_c25 cm.
650 _aElectronic data processing-Audting.
942 _2ddc
_cBK-CIRC
_e1st ed.
_kCirc.
_n0
999 _c6434
_d6434